00327nam a2200121Ia 4500008004100000020001500041041001200056100001500068245006400083260003400147300000900181650001500190221030s9999 xx 000 0 und d a8174091947 aEnglish aA. K. Jain 0aFluid Mechanics Including Hydraulic Machinescby A. K. Jain bKhanna Pub.aNew Delhic2016 a1043 aMechanical